[Event "I Open I Like Elo"]
[Site "Roma ITA"]
[Date "2008.11.12"]
[Round "5"]
[White "Peverieri, Alfredo"]
[Black "Gerlando, Onofrio"]
[Result "0-1"]
[WhiteElo "1757"]
[BlackElo "1509"]
[PlyCount "94"]
[EventDate "2008.10.15"]

1. e4 e5 2. d4 exd4 3. c3 dxc3 4. Bc4 Qf6 5. Nxc3 Bb4 6. Nge2 Ne7 7. O-O O-O 8.
Be3 c6 9. Qb3 Bxc3 10. Nxc3 b5 11. Be2 a5 12. Bf3 a4 13. Qc2 Ba6 14. Rfd1 Ng6
15. Bg4 Ne5 16. Bd4 Qf4 17. Bxe5 Qxg4 18. Rd3 f6 19. Bd6 Rf7 20. Rad1 Bb7 21.
Nxb5 Na6 22. Nc3 c5 23. f3 Qe6 24. a3 Bc6 25. Nxa4 Nb4 26. Nxc5 Nxc2 27. Nxe6
dxe6 28. Rc3 Ba4 29. b3 Nxa3 30. Bxa3 Bb5 31. Bc5 Rb7 32. b4 e5 33. Rdc1 h5 34.
h4 Kh7 35. Rd1 Be2 36. Re1 Ra2 37. Rcc1 Rd7 38. Ra1 Rc2 39. Rac1 Ra2 40. Rb1
Rdd2 41. Ra1 Rab2 42. Be3 Rd3 43. Bc5 Rdd2 44. Rab1 Ra2 45. b5 Bd3 46. Rbd1
Rxg2+ 47. Kh1 Rh2+ 0-1

[Event "I Open I Like Elo"]
[Site "Roma ITA"]
[Date "2008.11.12"]
[Round "5"]
[White "Sarti, Emanuele"]
[Black "Silvestri, Maurizio"]
[Result "0-1"]
[WhiteElo "1467"]
[BlackElo "1627"]
[PlyCount "64"]
[EventDate "2008.10.15"]

1. e4 c5 2. Nf3 e6 3. d4 cxd4 4. Nxd4 a6 5. Nc3 Qc7 6. a3 b5 7. Be3 Bb7 8. Bd3
Nf6 9. Qf3 Bd6 10. Bg5 Be5 11. Nde2 Nc6 12. Be3 Na5 13. Bd4 Bxd4 14. Nxd4 Nc4
15. Rb1 Nxb2 16. Nce2 Qa5+ 17. Kf1 Nxd3 18. cxd3 Qxa3 19. g3 O-O 20. Rb3 Qc5
21. Kg2 Qe5 22. Kg1 d5 23. Qe3 dxe4 24. f4 Qd6 25. h3 exd3 26. Rxd3 Bxh1 27.
Nf5 Qc7 28. Rc3 Qb7 29. Qf2 Ne4 30. Qf1 Nc5 31. Re3 Rfd8 32. g4 Rd1 0-1

[Event "I Open I Like Elo"]
[Site "Roma ITA"]
[Date "2008.11.12"]
[Round "5"]
[White "Sermoneta, Eugenio"]
[Black "Gatta, Flavio"]
[Result "1-0"]
[WhiteElo "1742"]
[BlackElo "1771"]
[PlyCount "41"]
[EventDate "2008.10.15"]

1. c4 c5 2. Nc3 b6 3. Nf3 Nf6 4. d4 cxd4 5. Nxd4 Bb7 6. f3 e6 7. e4 d6 8. Bg5
Be7 9. Bd3 O-O 10. O-O a6 11. f4 Nbd7 12. Qe2 g6 13. Rad1 Qc7 14. f5 e5 15. Nb3
Nc5 16. Nxc5 Qxc5+ 17. Be3 Qc6 18. Rc1 Bd8 19. b3 Bc7 20. Bh6 Rfe8 21. fxg6 1-0

[Event "I Open I Like Elo"]
[Site "Roma ITA"]
[Date "2008.11.12"]
[Round "5"]
[White "Urzi', Silvio"]
[Black "Riccioni, Luigi"]
[Result "0-1"]
[WhiteElo "1806"]
[BlackElo "1467"]
[PlyCount "90"]
[EventDate "2008.10.15"]

1. c4 Nf6 2. Nc3 g6 3. e4 d6 4. d4 Bg7 5. Nge2 O-O 6. Ng3 Nbd7 7. Be2 c6 8. h4
e5 9. d5 cxd5 10. cxd5 a5 11. h5 Nc5 12. h6 Bh8 13. Bg5 Qb6 14. Qd2 Qc7 15. O-O
Bg4 16. f3 Bc8 17. Kh1 Ne8 18. Nb5 Qd7 19. f4 f6 20. Bh4 Qe7 21. fxe5 Qxe5 22.
Nd4 g5 23. Nf3 Nxe4 24. Nxe4 Qxe4 25. Bd3 Qg4 26. Bf2 Qh5+ 27. Kg1 Qxh6 28. Nh4
f5 29. Nf3 f4 30. Rae1 Bg4 31. Re7 Bf5 32. Nd4 Bxd3 33. Qxd3 Rf7 34. Rfe1 Be5
35. Rxf7 Kxf7 36. Qf5+ Qf6 37. Qxh7+ Ng7 38. Ne6 Qg6 39. Qh3 Nxe6 40. dxe6+ Ke7
41. Rc1 g4 42. Qb3 Rh8 43. Rc7+ Kf6 44. Rf7+ Kg5 45. g3 Qb1+ 0-1

[Event "I Open I Like Elo"]
[Site "Roma ITA"]
[Date "2008.11.19"]
[Round "6"]
[White "Attanasi, Salvatore"]
[Black "Arabito, Giuseppe"]
[Result "1/2-1/2"]
[WhiteElo "1784"]
[BlackElo "1919"]
[PlyCount "22"]
[EventDate "2008.10.15"]

1. e4 e5 2. Nf3 Nc6 3. Bb5 Nf6 4. O-O Nxe4 5. d4 Nd6 6. Bxc6 dxc6 7. dxe5 Nf5
8. Qxd8+ Kxd8 9. Nc3 Ke8 10. h3 h6 11. Bf4 Be6 1/2-1/2

[Event "I Open I Like Elo"]
[Site "Roma ITA"]
[Date "2008.11.19"]
[Round "6"]
[White "Capitani, Roberto"]
[Black "Sarti, Emanuele"]
[Result "0-1"]
[WhiteElo "1599"]
[BlackElo "1467"]
[PlyCount "26"]
[EventDate "2008.10.15"]

1. e4 d5 2. exd5 Nf6 3. Nf3 Nxd5 4. Be2 Nc6 5. O-O f6 6. d4 g5 7. h3 g4 8. Nh2
h5 9. hxg4 hxg4 10. Nxg4 Qd6 11. g3 Bf5 12. c4 Be4 13. cxd5 Rh1# 0-1

[Event "I Open I Like Elo"]
[Site "Roma ITA"]
[Date "2008.11.19"]
[Round "6"]
[White "Colantonio, Marco"]
[Black "D'Amico, Salvatore"]
[Result "1-0"]
[WhiteElo "1699"]
[BlackElo "1910"]
[PlyCount "61"]
[EventDate "2008.10.15"]

1. e4 d6 2. d4 Nf6 3. Bd3 g6 4. f4 Bg7 5. Nf3 c5 6. dxc5 dxc5 7. O-O O-O 8. Nc3
Nc6 9. Be3 Nd4 10. h3 b6 11. e5 Nd5 12. Nxd5 Qxd5 13. c3 Nf5 14. Bf2 e6 15. Qc2
Bb7 16. Rfe1 Ne7 17. Be4 Qd7 18. Rad1 Qc7 19. Bxb7 Qxb7 20. Ng5 Rad8 21. Ne4
Nd5 22. Qc1 Qe7 23. c4 Nb4 24. Nd6 f6 25. Bh4 g5 26. exf6 Bxf6 27. Nf5 Qe8 28.
fxg5 Nd3 29. Rxd3 Rxd3 30. gxf6 Qg6 31. Ne7+ 1-0

[Event "I Open I Like Elo"]
[Site "Roma ITA"]
[Date "2008.11.19"]
[Round "6"]
[White "Gatta, Flavio"]
[Black "Maggi, Luigi"]
[Result "0-1"]
[WhiteElo "1771"]
[BlackElo "1896"]
[PlyCount "54"]
[EventDate "2008.10.15"]

1. c4 e6 2. Nc3 d5 3. cxd5 exd5 4. d4 c5 5. Nf3 Nc6 6. g3 Nf6 7. Bg2 Be7 8. O-O
O-O 9. Bg5 Be6 10. Rc1 cxd4 11. Nxd4 h6 12. Be3 Ng4 13. Nxe6 fxe6 14. Bf4 Nf6
15. e4 d4 16. Ne2 e5 17. Bd2 Qb6 18. a4 a5 19. Kh1 Rad8 20. f4 Ng4 21. h3 Ne3
22. Bxe3 dxe3 23. Qe1 Rd2 24. Nc3 Qxb2 25. Rg1 exf4 26. gxf4 Rxf4 27. Qxe3 Rff2
0-1

[Event "I Open I Like Elo"]
[Site "Roma ITA"]
[Date "2008.11.19"]
[Round "6"]
[White "Gerlando, Onofrio"]
[Black "Urzi', Silvio"]
[Result "1/2-1/2"]
[WhiteElo "1509"]
[BlackElo "1806"]
[PlyCount "143"]
[EventDate "2008.10.15"]

1. d4 d5 2. Nf3 c5 3. c3 Nc6 4. dxc5 e5 5. Be3 e4 6. Nfd2 Nf6 7. h3 Be7 8. g3
Be6 9. Bg2 Qc8 10. b4 O-O 11. Nb3 a5 12. Nd4 axb4 13. Nxc6 bxc6 14. cxb4 Ne8
15. Bd4 Nc7 16. Nc3 Qa6 17. O-O Rfb8 18. a3 Nb5 19. Nxb5 Qxb5 20. e3 Ra4 21.
Qh5 Rba8 22. Qe5 Bf8 23. Bb2 Re8 24. Qd4 Qb8 25. Rfb1 Qc8 26. Kh2 Bd7 27. Bc3
Re6 28. Qd1 Rh6 29. h4 Qa8 30. Qb3 Be6 31. Bd4 Be7 32. Kg1 Bf6 33. Bxf6 Rxf6
34. Rb2 d4 35. Qd1 dxe3 36. fxe3 Rg6 37. Rd2 Bd5 38. Kh2 Rxa3 39. Rb1 Rxe3 40.
b5 Rd3 41. bxc6 Bxc6 42. Rxd3 exd3 43. Bxc6 Rxc6 44. Qxd3 Rxc5 45. Qb3 g6 46.
Rf1 Qd5 47. Qb8+ Kg7 48. Qb2+ Qe5 49. Qxe5+ Rxe5 50. Rf2 Re4 51. Kh3 f5 52. Rf3
Kf6 53. Ra3 Re7 54. Ra4 Re3 55. Rb4 h6 56. Ra4 g5 57. hxg5+ hxg5 58. Kg2 Re5
59. Kf2 Rd5 60. Ke3 Rb5 61. Kf3 Ke5 62. Kf2 g4 63. Kg2 Rb2+ 64. Kf1 Rc2 65. Kg1
Rc3 66. Kg2 Rd3 67. Kf2 Rf3+ 68. Kg2 Kd5 69. Rb4 Kc5 70. Ra4 Rc3 71. Ra5+ Kd4
72. Rxf5 1/2-1/2

[Event "I Open I Like Elo"]
[Site "Roma ITA"]
[Date "2008.11.19"]
[Round "6"]
[White "Guidi, Marco"]
[Black "Palama', Pierpaolo"]
[Result "1/2-1/2"]
[WhiteElo "1905"]
[BlackElo "1446"]
[PlyCount "34"]
[EventDate "2008.10.15"]

1. e4 e5 2. Nf3 Nc6 3. Bb5 a6 4. Ba4 b5 5. Bb3 Bc5 6. O-O d6 7. Bd5 Nge7 8. c4
Nxd5 9. cxd5 Ne7 10. d4 exd4 11. Nxd4 O-O 12. Be3 f5 13. f3 f4 14. Bf2 Ng6 15.
Nd2 Qg5 16. N2b3 Bh3 17. g3 Bb6 1/2-1/2

[Event "I Open I Like Elo"]
[Site "Roma ITA"]
[Date "2008.11.19"]
[Round "6"]
[White "Iacoacci, Giancarlo"]
[Black "Marigliani, Cristiano"]
[Result "1-0"]
[WhiteElo "1752"]
[BlackElo "1533"]
[PlyCount "57"]
[EventDate "2008.10.15"]

1. d4 d5 2. Bf4 Nf6 3. Nf3 c5 4. e3 Nc6 5. c3 Bf5 6. Bd3 Bxd3 7. Qxd3 e6 8.
Nbd2 c4 9. Qc2 Be7 10. e4 dxe4 11. Nxe4 Nd5 12. Be3 Nxe3 13. fxe3 Bh4+ 14. Nf2
O-O 15. O-O Re8 16. Rad1 Bxf2+ 17. Rxf2 Qe7 18. e4 b5 19. e5 Rac8 20. Rdf1 h6
21. Nd2 Rf8 22. Ne4 Qh4 23. Nd6 Rc7 24. Nxb5 Rd7 25. Nd6 Nxd4 26. cxd4 Qxd4 27.
Nxc4 Rc7 28. b3 Rfc8 29. Qd2 1-0

[Event "I Open I Like Elo"]
[Site "Roma ITA"]
[Date "2008.11.19"]
[Round "6"]
[White "Maggi, Fabrizio"]
[Black "Castelfranchi, Carlo"]
[Result "1/2-1/2"]
[WhiteElo "2022"]
[BlackElo "2077"]
[PlyCount "68"]
[EventDate "2008.10.15"]

1. c4 Nf6 2. Nc3 d5 3. cxd5 Nxd5 4. Nf3 Nxc3 5. bxc3 g6 6. h4 h5 7. e4 Bg7 8.
Be2 Nd7 9. d4 c5 10. Be3 Qa5 11. Qd2 Nf6 12. Ng5 Ng4 13. Bxg4 hxg4 14. e5 cxd4
15. cxd4 Qxd2+ 16. Kxd2 Bf5 17. f3 Rd8 18. fxg4 Bxg4 19. Rab1 b6 20. Kc3 Bf5
21. Rb3 Rc8+ 22. Kb4 Bc2 23. Ra3 a5+ 24. Kb5 O-O 25. g4 Rfd8 26. h5 gxh5 27.
gxh5 Rd5+ 28. Ka6 b5 29. Kxa5 e6 30. Kb6 Bf8 31. Ra7 Rb8+ 32. Kc7 Rdd8 33. Rg1
Rdc8+ 34. Kd7 Bf5 1/2-1/2

[Event "I Open I Like Elo"]
[Site "Roma ITA"]
[Date "2008.11.19"]
[Round "6"]
[White "Marino, Danilo"]
[Black "Elia, Alessio"]
[Result "1-0"]
[WhiteElo "1969"]
[BlackElo "1869"]
[PlyCount "85"]
[EventDate "2008.10.15"]

1. e4 d6 2. d4 Nf6 3. Nc3 g6 4. Be2 Bg7 5. g4 h6 6. Be3 c6 7. h4 Qa5 8. f3 Qb4
9. Qd2 Qxb2 10. Rd1 b5 11. Rb1 Qa3 12. Bxb5 cxb5 13. Nxb5 Qxa2 14. Rb3 Na6 15.
Ne2 Qa1+ 16. Nc1 Qa4 17. O-O Bd7 18. Nc3 Qa5 19. Nd3 O-O 20. Bxh6 Rac8 21. Be3
Rc7 22. Qe1 Rfc8 23. Bd2 Rc4 24. Nd5 Qd8 25. Nxf6+ Bxf6 26. c3 e5 27. g5 Bg7
28. Qa1 Nc7 29. d5 Nb5 30. Rfb1 Qb6+ 31. Kg2 a6 32. Nb4 a5 33. Nc6 Bxc6 34.
dxc6 Qxc6 35. Rxb5 Rc5 36. Qxa5 Rc4 37. Rb6 Qc7 38. Qd5 Bf8 39. Rb7 Rc5 40.
Rxc7 Rxd5 41. Rxc8 Rxd2+ 42. Kg3 Kg7 43. Rbb8 1-0

[Event "I Open I Like Elo"]
[Site "Roma ITA"]
[Date "2008.11.19"]
[Round "6"]
[White "Mecali, Antonello"]
[Black "De Lisa, Carmine"]
[Result "0-1"]
[WhiteElo "1866"]
[BlackElo "1699"]
[PlyCount "44"]
[EventDate "2008.10.15"]

1. c4 e5 2. Nc3 Nf6 3. Nf3 Nc6 4. d3 Bb4 5. a3 Bxc3+ 6. bxc3 O-O 7. Bg5 d6 8.
g3 h6 9. Bd2 e4 10. Nd4 exd3 11. exd3 Re8+ 12. Be3 Ng4 13. Nc2 Qf6 14. Qd2 Nce5
15. O-O-O Nf3 16. Qe2 Nxe3 17. fxe3 Bg4 18. h3 Qxc3 19. hxg4 Nd4 20. Qf2 Rxe3
21. Rd2 Nxc2 22. Kb1 Re1+ 0-1

[Event "I Open I Like Elo"]
[Site "Roma ITA"]
[Date "2008.11.19"]
[Round "6"]
[White "Medori, Marco"]
[Black "Pala, Giorgio"]
[Result "1-0"]
[WhiteElo "1929"]
[BlackElo "1988"]
[PlyCount "51"]
[EventDate "2008.10.15"]

1. d4 Nf6 2. Bf4 d5 3. Nf3 c5 4. e3 Nc6 5. c3 Qb6 6. Qc2 Bg4 7. Ne5 Nxe5 8.
Bxe5 Nd7 9. Bg3 e6 10. Nd2 Be7 11. f3 Bh5 12. Bd3 c4 13. Be2 Bg6 14. e4 O-O 15.
b3 cxb3 16. Qxb3 Rac8 17. Rc1 dxe4 18. fxe4 Bg5 19. Qxb6 Nxb6 20. Bd3 Rfd8 21.
h4 Bxd2+ 22. Kxd2 Nc4+ 23. Bxc4 Rxc4 24. Kd3 Rc5 25. Ke3 Ra5 26. Bc7 1-0

[Event "I Open I Like Elo"]
[Site "Roma ITA"]
[Date "2008.11.19"]
[Round "6"]
[White "Musmarra, Giovanni"]
[Black "Di Dario, Dario"]
[Result "1/2-1/2"]
[WhiteElo "1725"]
[BlackElo "1622"]
[PlyCount "62"]
[EventDate "2008.10.15"]

1. e4 e5 2. Nf3 Nc6 3. Bc4 Nf6 4. d3 Bc5 5. Nc3 O-O 6. O-O d6 7. h3 a6 8. Bg5
h6 9. Bh4 Na5 10. Nd5 g5 11. Nxg5 Nxd5 12. Qh5 Qf6 13. Nh7 Qg6 14. Qxg6+ fxg6
15. Nxf8 Nxc4 16. dxc4 Nf4 17. Be7 Kf7 18. g3 Nxh3+ 19. Kg2 Kxe7 20. Nxg6+ Kf7
21. Nh4 Ng5 22. Rh1 Nxe4 23. Nf3 Nxf2 24. Rxh6 Kg7 25. Rh4 Bd7 26. Rf1 Ng4 27.
Rfh1 Ne3+ 28. Kh2 Ng4+ 29. Kg2 Ne3+ 30. Kh2 Ng4+ 31. Kg2 Ne3+ 1/2-1/2

[Event "I Open I Like Elo"]
[Site "Roma ITA"]
[Date "2008.11.19"]
[Round "6"]
[White "Quimi, Marco"]
[Black "De Maria, Isaia"]
[Result "1-0"]
[WhiteElo "2239"]
[BlackElo "1867"]
[PlyCount "69"]
[EventDate "2008.10.15"]

1. d4 d5 2. Nf3 Nf6 3. Bf4 g6 4. Nbd2 Bg7 5. e3 O-O 6. h3 c6 7. c4 Nbd7 8. Be2
Re8 9. O-O b6 10. Rc1 Bb7 11. cxd5 Nxd5 12. Bh2 c5 13. Qb3 Rc8 14. Bc4 e6 15.
Ne4 Bf8 16. Nd6 Bxd6 17. Bxd6 cxd4 18. exd4 N7f6 19. Bh2 Qe7 20. Bb5 Rxc1 21.
Rxc1 Rc8 22. Rxc8+ Bxc8 23. Qc4 Bb7 24. a3 a5 25. Ne5 Kg7 26. Qc1 Qd8 27. Qh6+
Kg8 28. Qc1 Qe7 29. Qg5 Qf8 30. Bg3 Ne4 31. Qh4 Nxg3 32. Qxg3 Qe7 33. h4 h5 34.
Nd7 Kg7 35. Qb8 1-0

[Event "I Open I Like Elo"]
[Site "Roma ITA"]
[Date "2008.11.19"]
[Round "6"]
[White "Rampini, Carlo"]
[Black "Mazza, Maurizio"]
[Result "1-0"]
[WhiteElo "1488"]
[BlackElo "1765"]
[PlyCount "67"]
[EventDate "2008.10.15"]

1. e4 e5 2. Nf3 Nc6 3. Bb5 Nf6 4. O-O Bc5 5. Re1 d6 6. h3 O-O 7. c3 Be6 8. d4
exd4 9. cxd4 Bb4 10. d5 Bxe1 11. Qxe1 Nxd5 12. exd5 Bxd5 13. Qd1 Be4 14. Nc3
Bf5 15. Bg5 Qe8 16. Nd5 f6 17. Bh4 Qd8 18. Nxc7 Qxc7 19. Qd5+ Kh8 20. Qxf5 Ne5
21. Be2 Rfe8 22. Rd1 a6 23. Bg3 Rad8 24. Nd4 Qe7 25. Nc2 Rc8 26. Ne3 Rc5 27.
Nd5 Qf7 28. Nc3 Nc4 29. Bxc4 Qxc4 30. Qd5 Rcc8 31. Qxd6 Qf7 32. Bf4 Qh5 33. Qd7
Rxc3 34. bxc3 1-0

[Event "I Open I Like Elo"]
[Site "Roma ITA"]
[Date "2008.11.19"]
[Round "6"]
[White "Riccioni, Luigi"]
[Black "Luzi, Alessandro"]
[Result "0-1"]
[WhiteElo "1467"]
[BlackElo "1912"]
[PlyCount "148"]
[EventDate "2008.10.15"]

1. e4 c6 2. d4 d5 3. exd5 cxd5 4. Nf3 Nf6 5. Be2 g6 6. O-O Bg7 7. h3 O-O 8. c3
Nc6 9. Be3 h6 10. Nbd2 Be6 11. Nb3 b6 12. Qc1 Kh7 13. Bd3 Qd7 14. Qc2 Rac8 15.
Bb5 Bf5 16. Qd1 Qb7 17. Nh4 Bd7 18. Bd3 e5 19. dxe5 Nxe5 20. Bc2 Nc4 21. Qc1
Ne4 22. Bd4 Bxd4 23. Nxd4 Ng5 24. Re1 Rfe8 25. Rb1 Rxe1+ 26. Qxe1 Re8 27. Qd1
Qc8 28. Ndf3 Nxf3+ 29. Nxf3 Ne5 30. Nd4 Bxh3 31. gxh3 Qxh3 32. Qf1 Qh5 33. Qg2
Nc4 34. Qf3 Qg5+ 35. Kh2 Ne5 36. Qg3 Ng4+ 37. Kg2 h5 38. Nf3 Qf6 39. Re1 Rc8
40. Bb3 Rc5 41. Ne5 Nxe5 42. Qxe5 Qh4 43. Qg3 Qf6 44. Kf1 d4 45. cxd4 Qxd4 46.
Qe3 Qd7 47. Rd1 Qb5+ 48. Qd3 Qc6 49. Bxf7 h4 50. a4 Re5 51. Bd5 Qf6 52. Qh3 g5
53. Qg4 Re7 54. Be4+ Kh6 55. b3 Qe5 56. f3 Qh2 57. Rd6+ Qxd6 58. Qf5 Qe6 59.
Qf8+ Kh5 60. Qh8+ Qh6 61. Qc8 Qf6 62. Qg4+ Kh6 63. Kg2 Qe6 64. Kh3 Qxg4+ 65.
Kxg4 Re5 66. Bd3 Kg7 67. Bc4 Kf6 68. Bg8 Re1 69. Bd5 Rg1+ 70. Kh3 Ke5 71. Bc4
Kf4 72. Kh2 Rc1 73. Bd5 Rc2+ 74. Kh3 Rf2 0-1

[Event "I Open I Like Elo"]
[Site "Roma ITA"]
[Date "2008.11.19"]
[Round "6"]
[White "Silvestri, Maurizio"]
[Black "Boccardi, Alessandro"]
[Result "1-0"]
[WhiteElo "1627"]
[BlackElo "1494"]
[PlyCount "99"]
[EventDate "2008.10.15"]

1. d4 c5 2. d5 g6 3. c4 b5 4. e3 b4 5. Nd2 Nf6 6. b3 Bg7 7. Bb2 O-O 8. Bd3 e6
9. dxe6 dxe6 10. Qc2 Bb7 11. Ngf3 Qe7 12. O-O Nbd7 13. Ne5 Rfd8 14. Ndf3 Bxf3
15. Nxf3 e5 16. Nd2 Ne8 17. Be4 Rab8 18. Bd5 Nb6 19. e4 Nxd5 20. exd5 Nd6 21.
Ne4 Nf5 22. Rae1 Nd4 23. Qd1 f5 24. Ng3 Qd7 25. Ne2 Re8 26. Kh1 f4 27. Ng1 Nf5
28. Nf3 e4 29. Bxg7 exf3 30. Be5 fxg2+ 31. Kxg2 f3+ 32. Kh1 Rxe5 33. Rxe5 Nd4
34. Qe1 Ne2 35. Rxe2 fxe2 36. Qxe2 Re8 37. Qf3 a5 38. Rd1 Rf8 39. Qe3 Re8 40.
Qd3 Qd6 41. Kg2 h6 42. Rd2 Qf4 43. Re2 Qg4+ 44. Kf1 Rf8 45. Re3 Qf4 46. Qxg6+
Kh8 47. Qg3 Qf7 48. Re6 Kh7 49. Qd3+ Kg7 50. Qe3 1-0

[Event "I Open I Like Elo"]
[Site "Roma ITA"]
[Date "2008.11.19"]
[Round "6"]
[White "Vertechi, Pietro"]
[Black "Mulas, Icaro"]
[Result "1-0"]
[WhiteElo "1669"]
[BlackElo "1813"]
[PlyCount "99"]
[EventDate "2008.10.15"]

1. d4 Nf6 2. c4 g6 3. Nc3 Bg7 4. e4 d6 5. f3 Nbd7 6. Be3 c6 7. Qd2 a6 8. Bd3 b5
9. Nge2 h5 10. a3 Nb6 11. e5 Ng8 12. exd6 exd6 13. cxb5 axb5 14. O-O Nf6 15.
Bg5 Qd7 16. Kh1 Bb7 17. Rae1 O-O 18. Bh6 Nbd5 19. Bxg7 Kxg7 20. Nxd5 Nxd5 21.
f4 f5 22. Rf3 Rae8 23. Ref1 Re7 24. Nc3 Nf6 25. d5 Nxd5 26. Nxd5 cxd5 27. Qc3+
Kh7 28. Rg3 Qe6 29. Bxb5 Rc8 30. Qd4 Qe4 31. Qf6 Rg8 32. Bd3 Qe6 33. Qd4 Rc8
34. h3 Rc4 35. Bxc4 dxc4 36. Rc3 Qe2 37. Qf2 Qe4 38. Rcc1 Qc6 39. Rc2 Qe4 40.
Rfc1 d5 41. Kg1 Ba6 42. Rd2 Qe6 43. Rcd1 Bb7 44. Kf1 Qd6 45. Re1 Rd7 46. Qd4
Ba6 47. Kg1 Bb7 48. Rde2 Rg7 49. Re6 Qc7 50. Qf6 1-0

[Event "I Open I Like Elo"]
[Site "Roma ITA"]
[Date "2008.11.19"]
[Round "6"]
[White "Vespe, Francesco"]
[Black "Sermoneta, Eugenio"]
[Result "0-1"]
[WhiteElo "2008"]
[BlackElo "1742"]
[PlyCount "79"]
[EventDate "2008.10.15"]

1. d4 Nf6 2. c4 e6 3. Nf3 b6 4. g3 Bb7 5. Bg2 c5 6. e3 cxd4 7. exd4 Bb4+ 8.
Nbd2 Nc6 9. O-O d5 10. Qa4 O-O 11. Ne5 Bxd2 12. Nxc6 Qd7 13. Ne7+ Qxe7 14. Bxd2
Rfc8 15. cxd5 Bxd5 16. Rac1 Bxg2 17. Kxg2 Ne4 18. Bf4 Qb7 19. f3 Nf6 20. Rf2
Rxc1 21. Bxc1 b5 22. Qb3 Rc8 23. Rc2 Rxc2+ 24. Qxc2 h6 25. Kf2 Qd5 26. Qc8+ Kh7
27. Qc5 a6 28. a3 Qb3 29. Qc3 Qd5 30. Bf4 Qb7 31. Qc5 Nd5 32. Be5 b4 33. Qf8 f6
34. Bd6 bxa3 35. Bxa3 Qb3 36. Qd6 Qe3+ 37. Kg2 Qe2+ 38. Kh3 Ne3 39. g4 Qg2+ 40.
Kh4 0-1

[Event "I Open I Like Elo"]
[Site "Roma ITA"]
[Date "2008.11.26"]
[Round "7"]
[White "Antonelli, Mauro"]
[Black "Vertechi, Pietro"]
[Result "1-0"]
[WhiteElo "2075"]
[BlackElo "1669"]
[PlyCount "69"]
[EventDate "2008.10.15"]

1. c4 Nf6 2. Nc3 e6 3. d4 Bb4 4. Bd2 O-O 5. Nf3 b6 6. a3 Bxc3 7. Bxc3 Ne4 8.
Qc2 Bb7 9. e3 Nxc3 10. Qxc3 d6 11. Be2 Nd7 12. O-O f5 13. Nd2 e5 14. d5 Qh4 15.
f4 e4 16. b4 Rf6 17. g3 Rg6 18. Rf2 Qe7 19. Nb3 Nf6 20. Nd4 Bc8 21. Bd1 Bd7 22.
Rc1 h5 23. Rg2 h4 24. gxh4 Rxg2+ 25. Kxg2 Ng4 26. Qe1 Kf7 27. Qg3 Nf6 28. h5
Rh8 29. Qg6+ Kg8 30. Nxf5 Bxf5 31. Qxf5 Qe8 32. c5 bxc5 33. bxc5 dxc5 34. Rxc5
Qd8 35. Qe6+ 1-0

[Event "I Open I Like Elo"]
[Site "Roma ITA"]
[Date "2008.11.26"]
[Round "7"]
[White "Arabito, Giuseppe"]
[Black "Luzi, Alessandro"]
[Result "0-1"]
[WhiteElo "1919"]
[BlackElo "1912"]
[PlyCount "74"]
[EventDate "2008.10.15"]

1. e4 c6 2. d4 d5 3. exd5 cxd5 4. Bd3 Nc6 5. c3 Nf6 6. Bf4 Bg4 7. Qb3 Qc8 8.
Nd2 e6 9. Ngf3 Be7 10. O-O O-O 11. Rae1 a5 12. h3 Bxf3 13. Nxf3 a4 14. Qc2 Qd7
15. Ne5 Qd8 16. Bg5 h6 17. Bf4 a3 18. b3 Rc8 19. Qe2 Nh7 20. Bd2 Bg5 21. f4 Bh4
22. Rd1 Nxe5 23. Qxe5 Be7 24. Rf3 Bd6 25. Qe1 Qb6 26. Kh1 Nf6 27. g4 Qc6 28.
Qe2 Ne4 29. Re1 f5 30. Bb1 Kh8 31. g5 hxg5 32. fxg5 g6 33. Rg1 Kg7 34. Kg2 Rh8
35. Be1 Nxg5 36. Bg3 Nxf3 37. Bxd6 Nh4+ 0-1

[Event "I Open I Like Elo"]
[Site "Roma ITA"]
[Date "2008.11.26"]
[Round "7"]
[White "Capitani, Roberto"]
[Black "Ruotolo, Claudio"]
[Result "1-0"]
[WhiteElo "1599"]
[BlackElo "1755"]
[PlyCount "56"]
[EventDate "2008.10.15"]

1. e4 e5 2. Nf3 Nc6 3. Bb5 f5 4. Nc3 fxe4 5. Nxe4 Nf6 6. d3 d5 7. Nxf6+ Qxf6 8.
O-O Bg4 9. Re1 Bxf3 10. Qxf3 O-O-O 11. Qg4+ Kb8 12. Bg5 Qg6 13. Bxc6 bxc6 14.
Qg3 Rd7 15. Qxe5 Bd6 16. Qe3 Rf8 17. Bh4 Bf4 18. Qh3 Qf5 19. Re8+ Kb7 20. Rxf8
Qxf8 21. Qxd7 Qb4 22. Bg3 Qxb2 23. Rf1 Bxg3 24. hxg3 Qxc2 25. Qxg7 Qxd3 26.
Qb2+ Kc8 27. Rc1 Kd7 28. Qg7+ Kd6 1-0

[Event "I Open I Like Elo"]
[Site "Roma ITA"]
[Date "2008.11.26"]
[Round "7"]
[White "D'Amico, Salvatore"]
[Black "Musmarra, Giovanni"]
[Result "0-1"]
[WhiteElo "1910"]
[BlackElo "1725"]
[PlyCount "52"]
[EventDate "2008.10.15"]

1. e4 e5 2. Nf3 Nc6 3. d4 exd4 4. Nxd4 Bc5 5. Be3 Qf6 6. c3 Nge7 7. Be2 d5 8.
Bf3 Qe5 9. Nxc6 Nxc6 10. Bxc5 dxe4 11. Bxe4 Qxc5 12. O-O Be6 13. Na3 O-O 14.
Qf3 Ne5 15. Qg3 c6 16. Nc2 Rad8 17. Nd4 Nc4 18. Nxe6 fxe6 19. Qh3 g6 20. Qxe6+
Kh8 21. b4 Qb5 22. Qh3 Kg7 23. Bd3 Qd5 24. Rad1 b5 25. Qh4 Nb2 26. Bxg6 Qxd1
0-1

[Event "I Open I Like Elo"]
[Site "Roma ITA"]
[Date "2008.11.26"]
[Round "7"]
[White "De Lisa, Carmine"]
[Black "De Maria, Isaia"]
[Result "0-1"]
[WhiteElo "1699"]
[BlackElo "1867"]
[PlyCount "96"]
[EventDate "2008.10.15"]

1. e4 c5 2. Nf3 Nc6 3. d4 cxd4 4. Nxd4 g6 5. Nc3 Bg7 6. Be3 Nf6 7. f3 O-O 8.
Qd2 d5 9. exd5 Nxd5 10. Nxc6 bxc6 11. Nxd5 cxd5 12. c3 e5 13. Bb5 d4 14. cxd4
exd4 15. Bf2 Qb6 16. a4 a6 17. Be2 Rb8 18. O-O Qxb2 19. Qf4 Bf5 20. Bxa6 Qb6
21. Bb5 Qf6 22. Rad1 g5 23. Qd2 Rfd8 24. Bg3 Rbc8 25. Qa5 d3 26. Bc7 Rd5 27.
Qa7 Qd4+ 28. Qxd4 Bxd4+ 29. Kh1 Rxc7 30. g4 Bg6 31. Bxd3 Rcd7 32. Bxg6 fxg6 33.
Rd3 Be5 34. Rxd5 Rxd5 35. Rf2 Kf7 36. Ra2 Rd1+ 37. Kg2 Rb1 38. a5 Rb2+ 39. Rxb2
Bxb2 40. Kf2 Bd4+ 41. Ke2 Ke6 42. Kd3 Ke5 43. h4 gxh4 44. f4+ Kd5 45. f5 gxf5
46. gxf5 h3 47. a6 h2 48. f6 h1=Q 0-1

[Event "I Open I Like Elo"]
[Site "Roma ITA"]
[Date "2008.11.26"]
[Round "7"]
[White "Di Dario, Dario"]
[Black "Boccardi, Alessandro"]
[Result "0-1"]
[WhiteElo "1622"]
[BlackElo "1494"]
[PlyCount "126"]
[EventDate "2008.10.15"]

1. d4 Nf6 2. Nf3 d6 3. c4 g6 4. Nc3 Bg7 5. h3 O-O 6. e4 e5 7. d5 a5 8. Bg5 Qe8
9. Bd3 Na6 10. Qd2 Nd7 11. O-O f5 12. Bh6 f4 13. Bxg7 Kxg7 14. Ng5 Ndc5 15. Bc2
h6 16. Nf3 g5 17. g4 fxg3 18. fxg3 Bxh3 19. Rf2 Nb4 20. Nb5 Qe7 21. a3 Nxc2 22.
Qxc2 Bg4 23. Raf1 Bh5 24. b4 axb4 25. axb4 Na6 26. Qb3 Rf7 27. Nh2 Raf8 28.
Rxf7+ Rxf7 29. Rxf7+ Qxf7 30. g4 Bg6 31. Nc3 Qf4 32. Qb1 Qe3+ 33. Kf1 Qxc3 34.
c5 Nxb4 35. cxd6 cxd6 36. Kg1 Qd4+ 37. Kf1 Bxe4 38. Qc1 Qc5 39. Qb2 Bxd5 40.
Ke2 Qc2+ 41. Qxc2 Nxc2 42. Kd3 Nd4 43. Nf1 Bf3 44. Ne3 Kf6 45. Kc4 Ke6 46. Kb4
h5 47. gxh5 Bxh5 48. Kc4 Bf3 49. Nf1 Be2+ 50. Kb4 Bxf1 51. Ka5 b5 52. Kb4 g4
53. Ka5 g3 54. Kb4 g2 55. Ka5 g1=Q 56. Ka6 b4+ 57. Kb7 b3 58. Kc8 Qg7 59. Kb8
b2 60. Ka8 Bg2+ 61. Kb8 b1=Q+ 62. Kc8 Qbb7+ 63. Kd8 Qgd7# 0-1

[Event "I Open I Like Elo"]
[Site "Roma ITA"]
[Date "2008.11.26"]
[Round "7"]
[White "Mazza, Maurizio"]
[Black "Gerlando, Onofrio"]
[Result "0-1"]
[WhiteElo "1765"]
[BlackElo "1509"]
[PlyCount "100"]
[EventDate "2008.10.15"]

1. e4 e5 2. Nf3 Nc6 3. d4 exd4 4. Nxd4 Nxd4 5. Qxd4 c5 6. Qd1 Nf6 7. Nc3 Qa5 8.
Bd2 Qb6 9. Bc4 d6 10. O-O Be7 11. Re1 O-O 12. Bb5 a5 13. a4 Bd7 14. Qe2 Qc7 15.
Rad1 Rac8 16. Bc4 Ng4 17. Nd5 Qd8 18. h3 Ne5 19. b3 Nc6 20. Be3 Rb8 21. Qh5 Ne5
22. Be2 Be6 23. Bc1 Bxd5 24. Rxd5 Nd7 25. Bb2 Qe8 26. Red1 Nf6 27. Bxf6 Bxf6
28. Rxd6 Qxe4 29. Bc4 g6 30. Qxc5 Be7 31. R6d4 Qxg2+ 32. Kxg2 Bxc5 33. Rd7 b6
34. R1d3 Kg7 35. Rf3 Kh6 36. Rfxf7 Rxf7 37. Rxf7 Rd8 38. Bd3 Rd5 39. Rf3 Rg5+
40. Rg3 Re5 41. f3 Re6 42. Kf1 Bb4 43. Bc4 Rd6 44. Ke2 Kg7 45. Rg4 Rd2+ 46. Ke3
Rh2 47. h4 Bc5+ 48. Kd3 Rh1 49. f4 Rd1+ 50. Ke4 Rd4+ 0-1